zpět

Detail výsledku týmu

Pivovarský Dvůr PO, Liberec

Datum a čas kvízu

27 Celkem bodů Celkový počet nahraných bodů na tomto kvízu bez doplňovacích otázek.
8. Pořadí na kvízu Konečné umístění týmu na tomto kvízu.

Zaznamenané odpovědi

# Otázka Odpověď Body Výsledky
1. Který z bývalých českých premi... Jiří Paroubek 0
2. Minulý týden byl zveřejněn žeb... Karlův most 0
3. Česká herečka a zpěvačka Eva B... Tristan William 1
4. Společnost Slovalco se sídlem... hliník 0
5. Adam Ondra vybojoval na mistro... Německo, Mnichov 1
6. V tomto tématu se budeme věnov... Otradovic 0
7. Přiřaďte následující skladatel... 1D 2A 3B 4C 0
8. Po přistání na povrchu Měsíce... Antonín Dvořák, Symfonie č. 9 0
9. Tento muž byl hercem, písničká... Karel Hašler 0
10. V roce 2022 uvedla Akademie po... Jaroslav Uhlíř 1